The PR Practitioner's: (Record no. 591520)

000 -LEADER
fixed length control field 00342nam a22001217a 4500
020 ## - INTERNATIONAL STANDARD BOOK NUMBER
International Standard Book Number 8124203113
082 ## - DEWEY DECIMAL CLASSIFICATION NUMBER
Classification number 659.2
Author Mark BLA
100 ## - MAIN ENTRY--PERSONAL NAME
Personal name Black, Caroline
245 ## - TITLE STATEMENT
Title The PR Practitioner's:
Remainder of title A Handbook /
Statement of responsibility, etc. Caroline, Black
260 ## - PUBLICATION, DISTRIBUTION, ETC.
Place of publication, distribution, etc. New Delhi :
Name of publisher, distributor, etc. Viva Books Private Limited,
Date of publication, distribution, etc. 2003.
300 ## - PHYSICAL DESCRIPTION
Extent 243 p. ;
Dimensions 25 cm.
942 ## - ADDED ENTRY ELEMENTS (KOHA)
Source of classification or shelving scheme
Koha item type Book
Holdings
Withdrawn status Lost status Source of classification or shelving scheme Damaged status Not for loan Permanent Location Current Location Shelving location Date acquired Source of acquisition Total Checkouts Full call number Barcode Date last seen Price effective from Koha item type
          Central Library (CL) Central Library (CL) Chinese Studies 10/06/2022 Donated by China Embassy   659.2 BLA CL-D-1853 10/06/2022 10/06/2022 Book
© 2023 Central Library, National University of Sciences and Technology. All Rights Reserved.